Normal view
MARC view
Entry Personal Name
001 - CONTROL NUMBER
- control field: 18918
003 - CONTROL NUMBER IDENTIFIER
- control field: OSt
005 - DATE AND TIME OF LATEST TRANSACTION
- control field: 20240723095017.0
008 - FIXED-LENGTH DATA ELEMENTS
- fixed length control field: 240723|| aca||aabn | a|a d
040 ## - CATALOGING SOURCE
- Original cataloging agency: OSt
- Transcribing agency: OSt
100 ## - HEADING--PERSONAL NAME
- Personal name: McConnell, Campbell R
670 ## - SOURCE DATA FOUND
- Source citation: Work cat.: (OSt)9257: McConnell, Campbell R, Macroeconomics:
